|
|
|
|
| LEADER |
00869cam a2200229 7i4500 |
| 001 |
0000084614 |
| 005 |
20241127090000.0 |
| 008 |
241127 bm |
| 090 |
0 |
0 |
|a PL5103
|b .D46 2006
|
| 100 |
1 |
|
|a Denisova, Tatiana A
|
| 245 |
1 |
0 |
|a Syarahan Raja Ali Haji 2006 :
|b keunggulan teks Melayu klasik sebagai cermin tamadun bangsa
|c disampaikan oleh Tatiana A. Denisova.
|
| 264 |
|
|
|a Kuala Lumpur:
|b Persatuan Linguistik Malaysia,
|c 2006.
|
| 300 |
|
|
|a 60 pages;
|c 21 cm.
|
| 336 |
|
|
|a text
|2 rdacontent
|
| 337 |
|
|
|a unmediated
|2 rdamedia
|
| 338 |
|
|
|a volume
|2 rdacarrier
|
| 490 |
0 |
|
|a Syarahan Raja Ali Haji;
|v 2006
|
| 500 |
|
|
|a Gift: En. Mohd Hafezi Abdul Hamid
|
| 650 |
|
0 |
|a Malays --
|x History
|
| 650 |
|
0 |
|a Malay language --
|x History
|
| 650 |
|
0 |
|a Malay language --
|x Usage
|
| 999 |
|
|
|a 0000071951
|b BOK
|c GOVERNMENT PUBLICATION
|e Ground Floor, Bestari Jaya
|